Sports Quiz

Random Sports or MLB Quiz

MLB Hitters with .450 OBP Since 1901 Quiz Stats

 Plays Quiz not verified by Sporcle

Challenge
Share
Tweet
Embed
Score 0/153 Timer 11:00
0 Plays Today
Year Player % Correct
2004Barry Bonds
98.4%
2002Barry Bonds
98.4%
2003Barry Bonds
98.4%
2001Barry Bonds
98.4%
1996Barry Bonds
98.4%
1993Barry Bonds
98.4%
1992Barry Bonds
98.4%
1923Babe Ruth
97.9%
1920Babe Ruth
97.9%
1926Babe Ruth
97.9%
1924Babe Ruth
97.9%
1921Babe Ruth
97.9%
1931Babe Ruth
97.9%
1930Babe Ruth
97.9%
1932Babe Ruth
97.9%
1927Babe Ruth
97.9%
1928Babe Ruth
97.9%
1919Babe Ruth
97.9%
1941Ted Williams
97%
1957Ted Williams
97%
1942Ted Williams
97%
1947Ted Williams
97%
1948Ted Williams
97%
1949Ted Williams
97%
1956Ted Williams
97%
1951Ted Williams
97%
1958Ted Williams
97%
1957Mickey Mantle
92.3%
1962Mickey Mantle
92.3%
1956Mickey Mantle
92.3%
1936Lou Gehrig
91.6%
1927Lou Gehrig
91.6%
1930Lou Gehrig
91.6%
1937Lou Gehrig
91.6%
1928Lou Gehrig
91.6%
1935Lou Gehrig
91.6%
1934Lou Gehrig
91.6%
1932Lou Gehrig
91.6%
1915Ty Cobb
89.7%
1925Ty Cobb
89.7%
1913Ty Cobb
89.7%
1911Ty Cobb
89.7%
1914Ty Cobb
89.7%
1922Ty Cobb
89.7%
1910Ty Cobb
89.7%
1912Ty Cobb
89.7%
1921Ty Cobb
89.7%
1916Ty Cobb
89.7%
1932Jimmie Foxx
81.3%
1939Jimmie Foxx
81.3%
1929Jimmie Foxx
81.3%
Year Player % Correct
1938Jimmie Foxx
81.3%
1935Jimmie Foxx
81.3%
2008Albert Pujols
79.7%
1924Rogers Hornsby
79.3%
1928Rogers Hornsby
79.3%
1925Rogers Hornsby
79.3%
1929Rogers Hornsby
79.3%
1922Rogers Hornsby
79.3%
1923Rogers Hornsby
79.3%
1921Rogers Hornsby
79.3%
1998Mark McGwire
78.9%
1996Mark McGwire
78.9%
1994Frank Thomas
75.2%
1996Frank Thomas
75.2%
1997Frank Thomas
75.2%
1995Frank Thomas
75.2%
1991Frank Thomas
75.2%
1903Roy Thomas
74.9%
1948Stan Musial
73.7%
1994Tony Gwynn
73.7%
1911Joe Jackson
73%
1913Joe Jackson
73%
1912Joe Jackson
73%
2000Manny Ramirez
71%
2002Manny Ramirez
71%
1980George Brett
69.7%
1988Wade Boggs
67.2%
1987Wade Boggs
67.2%
1986Wade Boggs
67.2%
1985Wade Boggs
67.2%
1999Larry Walker
67.1%
1997Larry Walker
67.1%
2004Todd Helton
67.1%
2000Todd Helton
67.1%
2003Todd Helton
67.1%
1999Jeff Bagwell
65.2%
1994Jeff Bagwell
65.2%
1996Jeff Bagwell
65.2%
2008Chipper Jones
65%
1920Tris Speaker
64.3%
1925Tris Speaker
64.3%
1922Tris Speaker
64.3%
1916Tris Speaker
64.3%
1923Tris Speaker
64.3%
1912Tris Speaker
64.3%
1901Nap Lajoie
61.8%
1975Joe Morgan
60%
1931Ed Morgan
59.7%
1930Mel Ott
59.5%
1930Hack Wilson
59%
1996Jim Thome
58.9%
Year Player % Correct
1970Carl Yastrzemski
57.3%
1995Edgar Martinez
51.9%
1996Edgar Martinez
51.9%
1997Edgar Martinez
51.9%
1922George Sisler
50.1%
2001Jason Giambi
49.1%
2000Jason Giambi
49.1%
1969Willie McCovey
48.1%
1925Eddie Collins
45.8%
1923Eddie Collins
45.8%
1914Eddie Collins
45.8%
1911Eddie Collins
45.8%
1912Eddie Collins
45.8%
1925Harry Rice
43.7%
1951Ralph Kiner
40.7%
1937Charlie Gehringer
40.6%
1934Charlie Gehringer
40.6%
1996Gary Sheffield
38.4%
1961Norm Cash
37.6%
2000Carlos Delgado
35.6%
1923Harry Heilmann
35.4%
1927Harry Heilmann
35.4%
1925Harry Heilmann
35.4%
1930Bill Terry
33.7%
2004Lance Berkman
33.4%
1993John Olerud
33%
1987Jack Clark
29.2%
1935Arky Vaughan
27.4%
1936Arky Vaughan
27.4%
1902Ed Delahanty
25.6%
1929Lefty O'Doul
24%
1930Lefty O'Doul
24%
1936Luke Appling
22.9%
1994Paul O'neill
21.4%
1933Mickey Cochrane
21%
1935Mickey Cochrane
21%
1948Lou Boudreau
18.3%
1930Babe Herman
16.7%
1970Rico Carty
14%
1905Frank Chance
12.8%
2002Brian Giles
11.5%
1950Eddie Stanky
10.5%
1923Joe Sewell
8.6%
1951Ferris Fain
6.1%
1941Roy Cullenbine
5.2%
1932Dale Alexander
5.1%
1959Joe Cunningham
4.4%
1938Buddy Myer
4.3%
1929George Grantham
3.7%
1939George Selkirk
3.5%
1925Al Wingo
3.5%

You're not logged in!

Compare scores with friends on all Sporcle quizzes.
Join for Free
OR
Log In

You Might Also Like...

Show Comments

Extras

Top Quizzes Today


Score Distribution

Your Account Isn't Verified!

In order to create a playlist on Sporcle, you need to verify the email address you used during registration. Go to your Sporcle Settings to finish the process.

Report this User

Report this user for behavior that violates our Community Guidelines.

Details: